Priehľadná vodná kvapalná čistiaca zmes na tvrdý povrch. C 11D 1/83

Bibliographic Details
Main Author: Instone, Terry (Author)
Format: Book
Language:Undetermined
PhysicalDescription:5 s.
Published: Banská Bystrica 2000

MARC

LEADER 00000nam a2200000 a 4500
001 vtls001392493
003 SK-MaSNL
005 20260302034635.0
008 240315sm y0 xo 0 und
035 |a SNK000346794 
040 |a SNK  |b slo  |c SNK  |e AACR2 
044 |a xo  |c SK 
100 1 |a Instone, Terry  |4 aut  |9 524449 
245 1 |a Priehľadná vodná kvapalná čistiaca zmes na tvrdý povrch. C 11D 1/83 
260 |a Banská Bystrica  |e Úrad priemyselného vlastníctva SR  |c 2000 
300 |a 5 s. 
999 |c 1067217  |d 1069147 
952 |t P60, <04>, [BOOK], {604}  |a SNK  |b SNK  |y VYP  |7 0  |p 17A0239597  |o snkSP 280406  |i snkPS 631/2000  |0 0  |1 0  |4 0  |d 2000-07-12  |l 0  |r 2005-01-02 00:00:00  |w 2026-02-24